[Event "Sardegna Region-ch"]
[Site "Cagliari"]
[Date "2001.04.29"]
[Round "3"]
[White "Caddeo, Narciso"]
[Black "Clementini, Lorenzo"]
[Result "0-1"]
[WhiteElo "1546"]
[BlackElo "1820"]
[PlyCount "50"]
[EventDate "2001.04.28"]
[EventType "swiss"]
[EventRounds "7"]
[EventCountry "ITA"]
[SourceTitle "EXT 2024"]
[Source "ChessBase"]
[SourceDate "2023.10.10"]
[SourceVersion "1"]
[SourceVersionDate "2023.10.10"]
[SourceQuality "1"]

1. Nf3 f5 2. g3 Nf6 3. Bg2 e6 4. d4 d5 5. e3 Bd6 6. b3 0-0 7. Ba3 Bxa3 8. Nxa3 Qd6 9. Nb1 b6 10. 0-0 Ba6 11. Re1 Nbd7 12. Nbd2 Ne4 13. Nxe4 fxe4 14. Nd2 e5 15. c4 c6 16. Rc1 exd4 17. exd4 Qf6 18. Qe2 Qxd4 19. Red1 Qf6 20. Nxe4 Qg6 21. Nd2 Rae8 22. Qf1 Ne5 23. Re1 Qh6 24. Re3 Ng4 25. Qe2 Qxh2+ 0-1

[Event "Sardegna Region-ch"]
[Site "Cagliari"]
[Date "2001.04.29"]
[Round "2"]
[White "Cirina, Gianluca"]
[Black "Caddeo, Narciso"]
[Result "1-0"]
[WhiteElo "1690"]
[BlackElo "1546"]
[PlyCount "71"]
[EventDate "2001.04.28"]
[EventType "swiss"]
[EventRounds "7"]
[EventCountry "ITA"]
[SourceTitle "EXT 2024"]
[Source "ChessBase"]
[SourceDate "2023.10.10"]
[SourceVersion "1"]
[SourceVersionDate "2023.10.10"]
[SourceQuality "1"]

1. e4 c5 2. Nf3 d6 3. d4 cxd4 4. Nxd4 Nf6 5. Nc3 a6 6. Be2 Nc6 7. Be3 e6 8. Nb3 Be7 9. a4 b6 10. 0-0 0-0 11. f4 Bb7 12. Bf3 Qc7 13. Qe2 Rad8 14. Qf2 Nd7 15. Rfd1 f5 16. exf5 exf5 17. Nd5 Qb8 18. Nxb6 Nxb6 19. Bxb6 Rd7 20. Bd5+ Kh8 21. Be6 Bc8 22. Bxd7 Bxd7 23. a5 Bf6 24. Nd4 Nb4 25. c4 Rc8 26. b3 Nc6 27. Nxc6 Bxc6 28. Ra2 Be4 29. Rad2 Rc6 30. Qe3 h6 31. Bd4 Be7 32. Qg3 Qf8 33. Qg6 Bd8 34. Qxh6+ Kg8 35. Qe6+ Kh8 36. Rd3 1-0

[Event "Cagliari Bitti Memorial-B 1st"]
[Site "Cagliari"]
[Date "2001.04.01"]
[Round "7"]
[White "Caddeo, Narciso"]
[Black "Putzolu, Marcello"]
[Result "1-0"]
[WhiteElo "1546"]
[BlackElo "1615"]
[PlyCount "102"]
[EventDate "2001.03.17"]
[EventType "swiss"]
[EventRounds "7"]
[EventCountry "ITA"]
[SourceTitle "EXT 2023"]
[Source "ChessBase"]
[SourceDate "2022.10.05"]
[SourceVersion "1"]
[SourceVersionDate "2022.10.05"]
[SourceQuality "1"]

1. e4 e5 2. Nf3 Nc6 3. Bb5 Nf6 4. 0-0 a6 5. Bxc6 dxc6 6. Nxe5 Bc5 7. Nf3 Bg4 8. d3 h6 9. b3 0-0 10. Ba3 Bxa3 11. Nxa3 Nd7 12. Nc4 b5 13. Ne3 Bh5 14. g4 Bg6 15. h3 Qf6 16. Nh2 Ne5 17. f4 Nd7 18. Qf3 Qc3 19. f5 Ne5 20. Qe2 Bh7 21. Nf3 Nxf3+ 22. Qxf3 f6 23. Qg3 Rfc8 24. Qe1 Qb2 25. Qb4 a5 26. Qc5 Ra6 27. Rfb1 Qe5 28. Qxe5 fxe5 29. c4 b4 30. h4 Kf7 31. h5 Kf6 32. Kf2 Bg8 33. a3 Rca8 34. axb4 axb4 35. Rxa6 Rxa6 36. Kg3 Ke7 37. Nc2 Ra2 38. Nxb4 Rd2 39. c5 Kd7 40. Rf1 Bxb3 41. f6 gxf6 42. Rxf6 Be6 43. Rxh6 Rd1 44. Rh7+ Kc8 45. Nxc6 Rg1+ 46. Kf2 Rxg4 47. Nxe5 Rh4 48. c6 Kb8 49. h6 Bb3 50. Rh8+ Ka7 51. h7 Kb6 1-0

[Event "Sardegna Region-ch"]
[Site "Cagliari"]
[Date "2001.04.??"]
[Round "6"]
[White "Caddeo, Narciso"]
[Black "Monni, Vittorio"]
[Result "0-1"]
[WhiteElo "1546"]
[BlackElo "1729"]
[PlyCount "69"]
[EventDate "2001.04.28"]
[EventType "swiss"]
[EventRounds "7"]
[EventCountry "ITA"]
[SourceTitle "EXT 2024"]
[Source "ChessBase"]
[SourceDate "2023.10.10"]
[SourceVersion "1"]
[SourceVersionDate "2023.10.10"]
[SourceQuality "1"]

1. e4 c5 2. Nf3 d6 3. c3 Nc6 4. d4 cxd4 5. cxd4 Bg4 6. Be3 g6 7. d5 Ne5 8. Nbd2 Nf6 9. Be2 Nxf3+ 10. gxf3 Bd7 11. Rc1 Rc8 12. Nc4 b5 13. e5 Nh5 14. Na3 a6 15. f4 Ng7 16. Bd4 Nf5 17. Rxc8 Bxc8 18. e6 Rg8 19. Nxb5 fxe6 20. dxe6 Bxe6 21. Nc3 Qa5 22. a3 Nxd4 23. Qxd4 Bg7 24. Qe3 Kf7 25. 0-0 d5 26. f5 gxf5 27. Bh5+ Kf6 28. b4 Bh6+ 29. Kh1 Bxe3 30. bxa5 Bd2 31. Ne2 Bxa5 32. f4 Bb6 33. Rb1 Bc5 34. a4 d4 35. Rc1 0-1